000 02233cam a22004814i 4500
003 PE-LiUPU
005 20250731173354.0
008 150706s2005 sp a r 000 0 spa d
020 _a8441321248
035 _a(Sirsi) i9788441321243
040 _aPE-LiUPU
_bspa
_cPE-LiUPU
_erda
049 _aPRUA
082 0 4 _a220.91
_bR75
_221
100 1 _aRogerson, John,
_d(1935-),
_eautor.
245 1 0 _aTierras de la Biblia /
_cJohn Rogerson.
264 1 _aBarcelona :
_bFolio,
_c2005.
300 _a256 páginas :
_bilustraciones ;
_c30 centímetros.
336 _atext
_2rdacontent
337 _aunmediated
_2rdamedia
338 _avolume
_2rdacarrier
490 0 _aGrandes civilizaciones del pasado
500 _aTraducción de: Cultural Atlas of the Bible.
505 0 _aLa Biblia y su literatura -- La composición y transmisión de la Biblia -- La Biblia y la historia -- Esbozo de la historia de la Biblia -- La Biblia en el arte -- La Biblia y la geografía -- La geografía del antiguo Israel -- La planicie costera al norte del monte Carmelo -- La planicie costera al sur del monte Carmelo -- La Sefela -- La montaña de Judea -- El desierto de Judea -- El Negev y el Sinaí -- Galilea -- Betel, Samaria, Carmelo y Jezrael -- Los montes de Jerusalén -- El valle del Jordán y el mar Muerto -- Transjordania -- Los imperios que rodeaban Israel -- Secciones especiales -- Asentamientos.
526 _aSEG42
526 _aSEG41
526 _aSEG40
526 _aSEG39
526 _aP94
526 _aP87
526 _aP86
526 _aP85
526 _aP77
526 _aP76
526 _aP35
541 _g001-000474;
650 0 4 _aGeografía bíblica.
910 _bjv
_clch
_d20100817
942 _2ddc
_cBOOK
949 _a220.91 R75
_wDEWEY
_c1
_i62014
_d2016-10-19
_e2016-10-19
_lCCODEBUL1
_mBUL
_n6
_p10.00
_r0
_sY
_tBOOK
_u2015-7-6
_xTEOLOGIA
_PP35
_0COMPRA
_o.STAFF. Colección General
994 _aC0
_bPEPRU
596 _a1
999 _a220.91 R75
_wDEWEY
_c51128
_i62014
_d51128
_e2019-10-28
_f2021-11-9
_g5
_lCCODEBUL1
_mBUL
_n14
_p10.00
_q21
_r0
_sY
_tBOOK
_u2015-7-6
_xTEOLOGIA
_PP35
_0COMPRA
_o.STAFF. Colección Teología
980 _81
_gALBERTO SANCHEZ Responsable de Automatización